| 000 | 01345nam a2200313 c 4500 | ||
|---|---|---|---|
| 003 | BLK | ||
| 005 | 20180420221858.0 | ||
| 008 | 180408b bul|||||r ||||||| ||bul|| | ||
| 010 | _aKNG00051951000 | ||
| 040 | _aBLK | ||
| 041 |
_aBUL _cBUL |
||
| 080 |
_aТехника. Технически науки _b62 _x:744(045.32) _z62:744(045.32) |
||
| 100 | 1 |
_aВишнеполски, Игор С. _eпърви автор _948490 |
|
| 700 | 1 |
_aЯнковски, Константин А. _eсъавт. _9145876 |
|
| 700 | 1 |
_aЦанов, Лилян Н. _eпрев. от рус. _9281891 |
|
| 139 |
_aВишнеполски, Игор С. и др. _bВ 67 |
||
| 245 | 1 | 0 |
_aТехническо чертане _b[Учебникз СПТУ и техникумите] _cИгор С. Вишнеполски; съавт. Константин А. Янковски; прев. от рус. Лилян Н. Цанов. |
| 257 | _aBGR | ||
| 260 |
_аСофия _bТехника _c1980 |
||
| 300 |
_a197 с. _bс черт. _c26 см |
||
| 380 | _a62 | ||
| 650 | 4 |
_aТехническо чертане - учебници за средни училища _9250280 |
|
| 653 | _aтехническо чертане | ||
| 852 | _aЦб ІІ 5932 | ||
| 856 | 4 |
_qpdf _u |
|
| 856 | 4 |
_qpdf _u |
|
| 942 |
_cKNG _n0 |
||
| 944 |
_aCR _c01.09.2016 _kИрена_Линкова |
||
| 944 |
_aED _c01.09.2016 _kИрена_Линкова |
||
| 999 |
_c48135 _d48135 |
||